[Event "British Rapidplay 2017"]
[Site "Leeds"]
[Date "2017.11.18"]
[Round "5.4"]
[White "Storey, Charles H"]
[Black "Han, Yichen"]
[Result "1-0"]
[BlackElo "1790"]
[WhiteElo "2225"]
[LiveChessVersion "1.4.8"]

1. d4 {[%clk 0:20:09]} Nf6 {[%clk 0:20:19]} 2. Bf4 {[%clk 0:20:14]} g6
{[%clk 0:20:24]} 3. Nc3 {[%clk 0:20:21]} d5 {[%clk 0:20:33]} 4. Qd2
{[%clk 0:20:26]} Bg7 {[%clk 0:20:38]} 5. Bh6 {[%clk 0:20:03]} O-O
{[%clk 0:20:36]} 6. Nf3 {[%clk 0:19:15]} Bxh6 {[%clk 0:19:20]} 7. Qxh6
{[%clk 0:19:22]} Ng4 {[%clk 0:18:40]} 8. Qh4 {[%clk 0:19:07]} h5 {[%clk 0:17:48]}
9. h3 {[%clk 0:19:08]} Nh6 {[%clk 0:17:55]} 10. Qg5 {[%clk 0:17:12]} Kg7
{[%clk 0:15:57]} 11. Qxd5 {[%clk 0:17:18]} c6 {[%clk 0:15:25]} 12. Qxd8
{[%clk 0:16:56]} Rxd8 {[%clk 0:15:34]} 13. e3 {[%clk 0:17:03]} Be6
{[%clk 0:15:01]} 14. Bd3 {[%clk 0:16:46]} f5 {[%clk 0:15:01]} 15. Ne2
{[%clk 0:16:38]} Nd7 {[%clk 0:13:56]} 16. Nf4 {[%clk 0:16:41]} Bg8
{[%clk 0:13:39]} 17. Ng5 {[%clk 0:16:49]} Nf8 {[%clk 0:13:46]} 18. h4
{[%clk 0:16:29]} Re8 {[%clk 0:12:53]} 19. Nf3 {[%clk 0:15:58]} Rad8
{[%clk 0:12:37]} 20. Ne5 {[%clk 0:15:57]} Ng4 {[%clk 0:12:28]} 21. Nxg4
{[%clk 0:14:58]} fxg4 {[%clk 0:12:35]} 22. g3 {[%clk 0:13:41]} e5
{[%clk 0:12:27]} 23. dxe5 {[%clk 0:13:44]} Rxe5 {[%clk 0:12:35]} 24. a3
{[%clk 0:13:25]} Bf7 {[%clk 0:12:19]} 25. O-O-O {[%clk 0:13:25]} Rde8
{[%clk 0:10:05]} 26. Be2 {[%clk 0:13:18]} Ne6 {[%clk 0:09:52]} 27. b4
{[%clk 0:11:30]} Nxf4 {[%clk 0:09:42]} 28. gxf4 {[%clk 0:11:38]} R5e7
{[%clk 0:09:46]} 29. Rhg1 {[%clk 0:11:33]} Be6 {[%clk 0:09:05]} 30. Rd6
{[%clk 0:11:13]} Bf5 {[%clk 0:08:02]} 31. Bd3 {[%clk 0:11:18]} Rd7
{[%clk 0:07:06]} 32. Rxd7+ {[%clk 0:11:10]} Bxd7 {[%clk 0:07:15]} 33. Kd2
{[%clk 0:11:14]} Kf6 {[%clk 0:07:13]} 34. e4 {[%clk 0:11:10]} Be6
{[%clk 0:06:47]} 35. Ke3 {[%clk 0:10:56]} b6 {[%clk 0:06:41]} 36. Rd1
{[%clk 0:10:19]} Rd8 {[%clk 0:06:24]} 37. e5+ {[%clk 0:09:37]} Kg7
{[%clk 0:06:31]} 38. Rb1 {[%clk 0:09:04]} Bf5 {[%clk 0:06:30]} 39. Rb3
{[%clk 0:09:05]} 1-0

[Event "British Rapidplay 2017"]
[Site "Leeds"]
[Date "2017.11.19"]
[Round "6.1"]
[White "Klingher, Dominic"]
[Black "Shaw, Peter"]
[Result "1-0"]
[BlackElo "2079"]
[WhiteElo "2143"]
[LiveChessVersion "1.4.8"]

1. e4 {[%clk 0:20:18]} b6 {[%clk 0:20:12]} 2. Nc3 {[%clk 0:20:22]} Bb7
{[%clk 0:20:21]} 3. d4 {[%clk 0:19:37]} e6 {[%clk 0:20:29]} 4. a3
{[%clk 0:19:33]} Nf6 {[%clk 0:19:58]} 5. Bg5 {[%clk 0:18:54]} h6 {[%clk 0:19:42]}
6. Bxf6 {[%clk 0:19:02]} Qxf6 {[%clk 0:19:48]} 7. Nf3 {[%clk 0:19:10]} g5
{[%clk 0:17:09]} 8. Qd2 {[%clk 0:17:46]} Bg7 {[%clk 0:17:10]} 9. O-O-O
{[%clk 0:17:11]} a6 {[%clk 0:15:08]} 10. e5 {[%clk 0:16:25]} Qe7 {[%clk 0:14:49]}
11. h3 {[%clk 0:15:52]} d6 {[%clk 0:14:39]} 12. Qe3 {[%clk 0:15:02]} Nd7
{[%clk 0:14:33]} 13. Bd3 {[%clk 0:14:56]} O-O {[%clk 0:10:20]} 14. exd6
{[%clk 0:14:28]} cxd6 {[%clk 0:10:18]} 15. h4 {[%clk 0:13:16]} g4
{[%clk 0:10:16]} 16. Nh2 {[%clk 0:13:01]} f5 {[%clk 0:09:32]} 17. d5
{[%clk 0:11:45]} e5 {[%clk 0:09:01]} 18. f3 {[%clk 0:10:32]} g3 {[%clk 0:05:40]}
19. Nf1 {[%clk 0:10:41]} f4 {[%clk 0:05:15]} 20. Qe4 {[%clk 0:10:16]} Nf6
{[%clk 0:04:57]} 21. Qg6 {[%clk 0:10:20]} Qf7 {[%clk 0:04:50]} 22. Nd2
{[%clk 0:09:58]} Qxg6 {[%clk 0:04:46]} 23. Bxg6 {[%clk 0:10:06]} Nxd5
{[%clk 0:04:31]} 24. Nxd5 {[%clk 0:09:13]} Bxd5 {[%clk 0:04:39]} 25. Be4
{[%clk 0:09:21]} Bxe4 {[%clk 0:04:14]} 26. Nxe4 {[%clk 0:09:30]} Rfc8
{[%clk 0:02:44]} 27. Rxd6 {[%clk 0:09:32]} b5 {[%clk 0:02:31]} 28. Rhd1
{[%clk 0:09:35]} Rc7 {[%clk 0:02:21]} 29. h5 {[%clk 0:08:37]} a5 {[%clk 0:01:14]}
30. Rd8+ {[%clk 0:08:40]} Rxd8 {[%clk 0:01:06]} 31. Rxd8+ {[%clk 0:08:49]} Kf7
{[%clk 0:01:13]} 32. Rb8 {[%clk 0:08:55]} b4 {[%clk 0:00:34]} 33. axb4
{[%clk 0:09:04]} axb4 {[%clk 0:00:42]} 34. Rxb4 {[%clk 0:09:12]} Bf8
{[%clk 0:00:38]} 35. Rb5 {[%clk 0:09:14]} Ke6 {[%clk 0:00:46]} 36. c3
{[%clk 0:09:18]} Ra7 {[%clk 0:00:34]} 37. Kb1 {[%clk 0:09:12]} Rd7
{[%clk 0:00:41]} 38. Rb8 {[%clk 0:09:05]} Be7 {[%clk 0:00:19]} 39. Kc2
{[%clk 0:08:58]} Ra7 {[%clk 0:00:26]} 40. Rb6+ {[%clk 0:09:07]} Kf5
{[%clk 0:00:22]} 41. Rxh6 {[%clk 0:09:05]} Ra1 {[%clk 0:00:31]} 42. Rh7
{[%clk 0:09:12]} Bh4 {[%clk 0:00:19]} 43. Rd7 {[%clk 0:09:11]} Rh1
{[%clk 0:00:11]} 44. b4 {[%clk 0:09:10]} Ke6 1-0

[Event "British Rapidplay 2017"]
[Site "Leeds"]
[Date "2017.11.19"]
[Round "6.2"]
[White "Alsina Leal, Daniel"]
[Black "Storey, Charles H"]
[Result "1-0"]
[BlackElo "2225"]
[WhiteElo "2508"]
[LiveChessVersion "1.4.8"]

1. e4 {[%clk 0:20:17]} e5 {[%clk 0:20:19]} 2. Nf3 {[%clk 0:20:25]} Nc6
{[%clk 0:20:28]} 3. Bb5 {[%clk 0:20:32]} Nf6 {[%clk 0:20:35]} 4. d3
{[%clk 0:20:32]} Bc5 {[%clk 0:20:41]} 5. c3 {[%clk 0:19:17]} Qe7 {[%clk 0:19:31]}
6. O-O {[%clk 0:18:59]} O-O {[%clk 0:19:28]} 7. d4 {[%clk 0:18:51]} Bd6
{[%clk 0:19:11]} 8. Re1 {[%clk 0:17:48]} a6 {[%clk 0:18:40]} 9. Bd3
{[%clk 0:17:20]} b5 {[%clk 0:18:13]} 10. a4 {[%clk 0:17:19]} Rb8 {[%clk 0:18:19]}
11. axb5 {[%clk 0:16:04]} axb5 {[%clk 0:18:28]} 12. Na3 {[%clk 0:16:08]} Bxa3
{[%clk 0:18:00]} 13. bxa3 {[%clk 0:15:32]} d6 {[%clk 0:17:44]} 14. h3
{[%clk 0:13:48]} Bd7 {[%clk 0:17:29]} 15. Rb1 {[%clk 0:13:55]} Na5
{[%clk 0:17:14]} 16. Qe2 {[%clk 0:13:32]} c6 {[%clk 0:16:53]} 17. Bg5
{[%clk 0:12:09]} h6 {[%clk 0:16:59]} 18. Bh4 {[%clk 0:12:16]} Qe6
{[%clk 0:16:25]} 19. dxe5 {[%clk 0:11:43]} dxe5 {[%clk 0:16:32]} 20. Bg3
{[%clk 0:11:52]} Ra8 {[%clk 0:15:21]} 21. Nxe5 {[%clk 0:09:46]} Nb3
{[%clk 0:13:35]} 22. Bc2 {[%clk 0:06:35]} Rxa3 {[%clk 0:12:55]} 23. Red1
{[%clk 0:06:20]} Nc5 {[%clk 0:12:50]} 24. Qe3 {[%clk 0:06:05]} Na4
{[%clk 0:12:38]} 25. Nxd7 {[%clk 0:03:41]} Nxd7 {[%clk 0:12:33]} 26. Bd6
{[%clk 0:02:02]} Rxc3 {[%clk 0:12:29]} 27. Qd2 {[%clk 0:02:11]} Qc4
{[%clk 0:06:48]} 28. Bxa4 {[%clk 0:02:14]} bxa4 {[%clk 0:06:52]} 29. Bxf8
{[%clk 0:02:18]} Nxf8 {[%clk 0:06:55]} 30. Rb8 {[%clk 0:01:50]} f6
{[%clk 0:06:33]} 31. Qd4 {[%clk 0:00:28]} Qxd4 {[%clk 0:05:20]} 32. Rxd4
{[%clk 0:00:36]} a3 {[%clk 0:05:29]} 33. Ra4 {[%clk 0:00:33]} Kf7
{[%clk 0:05:01]} 34. Ra7+ {[%clk 0:00:41]} Ke6 {[%clk 0:04:53]} 35. Rxf8
{[%clk 0:00:47]} Ke5 {[%clk 0:04:58]} 36. Rfa8 {[%clk 0:00:53]} Kxe4
{[%clk 0:05:00]} 37. Rxa3 {[%clk 0:01:01]} Rc1+ {[%clk 0:05:09]} 38. Kh2
{[%clk 0:01:10]} c5 {[%clk 0:05:18]} 39. Re3+ {[%clk 0:01:14]} Kd5
{[%clk 0:05:22]} 40. Rd8+ {[%clk 0:01:21]} Kc6 {[%clk 0:05:31]} 41. Kg3
{[%clk 0:01:22]} c4 {[%clk 0:05:40]} 42. Kf3 {[%clk 0:01:28]} Kc5
{[%clk 0:05:46]} 43. Rc8+ {[%clk 0:01:32]} Kb4 {[%clk 0:05:55]} 44. Re7
{[%clk 0:01:31]} g5 {[%clk 0:05:42]} 45. Rb7+ {[%clk 0:01:38]} Kc3
{[%clk 0:05:39]} 46. Rxc4+ {[%clk 0:01:44]} 1-0

[Event "British Rapidplay 2017"]
[Site "Leeds"]
[Date "2017.11.19"]
[Round "6.4"]
[White "Han, Yichen"]
[Black "Dong, Bao Nghia"]
[Result "1/2-1/2"]
[BlackElo "2183"]
[WhiteElo "1790"]
[LiveChessVersion "1.4.8"]

1. Nf3 {[%clk 0:20:18]} Nf6 {[%clk 0:20:17]} 2. d4 {[%clk 0:20:26]} g6
{[%clk 0:20:20]} 3. Bf4 {[%clk 0:20:31]} c5 {[%clk 0:20:28]} 4. e3
{[%clk 0:20:38]} Qb6 {[%clk 0:20:32]} 5. Na3 {[%clk 0:19:50]} cxd4
{[%clk 0:20:23]} 6. exd4 {[%clk 0:19:31]} Nd5 {[%clk 0:20:28]} 7. Nc4
{[%clk 0:18:52]} Qd8 {[%clk 0:20:17]} 8. Bg3 {[%clk 0:18:42]} Bg7
{[%clk 0:20:25]} 9. Bd3 {[%clk 0:17:48]} O-O {[%clk 0:20:28]} 10. O-O
{[%clk 0:17:14]} d6 {[%clk 0:20:16]} 11. c3 {[%clk 0:16:37]} b5 {[%clk 0:18:44]}
12. Ne3 {[%clk 0:16:29]} Nc7 {[%clk 0:18:38]} 13. Be4 {[%clk 0:16:25]} Be6
{[%clk 0:18:06]} 14. Bxa8 {[%clk 0:15:35]} Nxa8 {[%clk 0:18:15]} 15. d5
{[%clk 0:15:23]} Bd7 {[%clk 0:18:22]} 16. Nd4 {[%clk 0:15:27]} Nb6
{[%clk 0:18:00]} 17. Qe2 {[%clk 0:14:19]} a6 {[%clk 0:18:07]} 18. Rfd1
{[%clk 0:14:07]} f5 {[%clk 0:16:20]} 19. f4 {[%clk 0:13:50]} Bf6 {[%clk 0:16:27]}
20. Nec2 {[%clk 0:12:37]} Qc8 {[%clk 0:15:17]} 21. Ne3 {[%clk 0:10:30]} Na4
{[%clk 0:14:17]} 22. Nb3 {[%clk 0:09:27]} Qc7 {[%clk 0:11:20]} 23. Bf2
{[%clk 0:09:13]} a5 {[%clk 0:11:26]} 24. Nd4 {[%clk 0:07:41]} Qb7
{[%clk 0:11:30]} 25. Nf3 {[%clk 0:05:31]} Nc5 {[%clk 0:11:20]} 26. Nc2
{[%clk 0:05:31]} Ne4 {[%clk 0:11:23]} 27. Bd4 {[%clk 0:05:18]} Na6
{[%clk 0:11:32]} 28. Bxf6 {[%clk 0:05:23]} Rxf6 {[%clk 0:11:41]} 29. Rd4
{[%clk 0:04:44]} Nac5 {[%clk 0:11:50]} 30. b4 {[%clk 0:04:45]} Na4
{[%clk 0:11:49]} 31. c4 {[%clk 0:03:46]} Nac3 {[%clk 0:11:38]} 32. Qf1
{[%clk 0:03:34]} bxc4 {[%clk 0:11:46]} 33. Nd2 {[%clk 0:03:11]} Nxd2
{[%clk 0:11:47]} 34. Rxd2 {[%clk 0:03:19]} Ne4 {[%clk 0:11:48]} 35. Rd4
{[%clk 0:03:24]} c3 {[%clk 0:11:48]} 36. bxa5 {[%clk 0:03:17]} Qb2
{[%clk 0:11:48]} 37. Qb1 {[%clk 0:03:09]} Nd2 {[%clk 0:11:06]} 38. Qxb2
{[%clk 0:02:49]} cxb2 {[%clk 0:11:15]} 39. Rxd2 {[%clk 0:02:58]} bxa1=Q+
{[%clk 0:11:23]} 40. Nxa1 {[%clk 0:03:07]} Rf8 {[%clk 0:11:32]} 41. Rc2
{[%clk 0:03:05]} Ra8 {[%clk 0:11:31]} 42. Rc7 {[%clk 0:02:54]} Ba4
{[%clk 0:11:40]} 43. Nc2 {[%clk 0:02:05]} Rxa5 {[%clk 0:11:39]} 44. Ne3
{[%clk 0:02:04]} Kf8 {[%clk 0:11:47]} 45. Kf2 {[%clk 0:02:03]} Be8
{[%clk 0:11:08]} 46. Rc2 {[%clk 0:02:05]} Bf7 {[%clk 0:11:17]} 47. Rd2
{[%clk 0:02:14]} Ra4 {[%clk 0:11:14]} 48. Kf3 {[%clk 0:02:19]} Kg7
{[%clk 0:11:22]} 49. h3 {[%clk 0:02:25]} h5 {[%clk 0:11:22]} 50. g4
{[%clk 0:02:06]} hxg4+ {[%clk 0:11:30]} 51. hxg4 {[%clk 0:02:15]} fxg4+
{[%clk 0:11:35]} 52. Kxg4 {[%clk 0:02:23]} e5 {[%clk 0:11:05]} 53. dxe6
{[%clk 0:02:11]} Bxe6+ {[%clk 0:11:14]} 54. Kf3 {[%clk 0:02:11]} Ra6
{[%clk 0:11:22]} 55. Nc2 {[%clk 0:01:26]} Bc4 {[%clk 0:10:04]} 56. Nb4
{[%clk 0:01:02]} Ra4 {[%clk 0:10:12]} 57. Nc6 {[%clk 0:00:55]} d5
{[%clk 0:10:01]} 58. Ne5 {[%clk 0:00:35]} Ra3+ {[%clk 0:10:10]} 59. Kg4
{[%clk 0:00:41]} Kf6 {[%clk 0:08:40]} 60. Nxc4 {[%clk 0:00:38]} dxc4
{[%clk 0:08:49]} 61. Rc2 {[%clk 0:00:47]} c3 {[%clk 0:07:30]} 62. Rc1
{[%clk 0:00:56]} Kf7 {[%clk 0:07:03]} 63. f5 {[%clk 0:00:50]} Ra4+
{[%clk 0:06:00]} 64. Kg5 {[%clk 0:00:58]} Ra5 {[%clk 0:06:09]} 65. Rxc3
{[%clk 0:01:07]} Rxf5+ {[%clk 0:06:18]} 66. Kg4 {[%clk 0:01:16]} Ra5
{[%clk 0:06:27]} 67. Rc2 {[%clk 0:01:25]} Kf6 {[%clk 0:06:36]} 68. Rc6+
{[%clk 0:01:33]} Kg7 {[%clk 0:06:44]} 69. Rc2 {[%clk 0:01:42]} Ra6
{[%clk 0:06:48]} 70. Rb2 {[%clk 0:01:48]} Kf6 {[%clk 0:06:56]} 71. Rf2+
{[%clk 0:01:56]} Kg7 {[%clk 0:06:36]} 72. Rb2 {[%clk 0:02:05]} Ra5
{[%clk 0:06:45]} 73. Rc2 {[%clk 0:02:09]} Rh5 {[%clk 0:06:32]} 74. a4
{[%clk 0:02:01]} Ra5 {[%clk 0:06:41]} 75. Ra2 {[%clk 0:02:04]} Kf6
{[%clk 0:06:41]} 76. Rf2+ {[%clk 0:02:06]} Ke6 {[%clk 0:06:50]} 77. Rf4
{[%clk 0:02:13]} Rh5 {[%clk 0:06:37]} 78. Rb4 {[%clk 0:02:16]} Rh1
{[%clk 0:06:45]} 79. Re4+ {[%clk 0:01:30]} Kf6 {[%clk 0:06:53]} 80. Rf4+
{[%clk 0:01:38]} Ke5 {[%clk 0:06:58]} 81. Rb4 {[%clk 0:01:43]} Rg1+
{[%clk 0:07:07]} 82. Kf3 {[%clk 0:01:50]} g5 {[%clk 0:07:10]} 83. Rg4
{[%clk 0:01:41]} Rf1+ {[%clk 0:07:19]} 84. Kg2 {[%clk 0:01:49]} Rf5
{[%clk 0:07:27]} 85. Rb4 {[%clk 0:01:55]} Kf6 {[%clk 0:07:09]} 86. Rb5
{[%clk 0:01:47]} Rf4 {[%clk 0:07:18]} 87. a5 {[%clk 0:01:56]} Ra4
{[%clk 0:07:28]} 88. Kg3 {[%clk 0:01:43]} Kg6 {[%clk 0:07:37]} 89. Rb6+
{[%clk 0:01:22]} Kh5 {[%clk 0:07:45]} 90. a6 {[%clk 0:01:31]} Ra3+
{[%clk 0:07:55]} 91. Kg2 {[%clk 0:01:33]} Kh4 {[%clk 0:08:04]} 92. Rh6+
{[%clk 0:01:35]} Kg4 {[%clk 0:08:13]} 93. Rb6 {[%clk 0:01:38]} Ra2+
{[%clk 0:08:22]} 94. Kg1 {[%clk 0:01:34]} Kh4 {[%clk 0:08:31]} 95. a7
{[%clk 0:01:36]} Rxa7 {[%clk 0:08:40]} 96. Rb2 {[%clk 0:01:34]} g4
{[%clk 0:08:49]} 97. Rh2+ {[%clk 0:01:21]} Kg5 {[%clk 0:08:19]} 98. Rb2
{[%clk 0:01:13]} Kf4 {[%clk 0:08:26]} 99. Rf2+ {[%clk 0:01:20]} Ke3
{[%clk 0:08:17]} 100. Kg2 {[%clk 0:01:05]} Ra1 {[%clk 0:07:08]} 101. Rb2
{[%clk 0:01:08]} Kf4 {[%clk 0:07:12]} 102. Rf2+ {[%clk 0:01:05]} Kg5
{[%clk 0:07:21]} 103. Rb2 {[%clk 0:01:14]} Kh4 {[%clk 0:07:29]} 104. Rc2
{[%clk 0:01:20]} Ra3 {[%clk 0:07:38]} 105. Rb2 {[%clk 0:01:18]} Rg3+
{[%clk 0:06:01]} 106. Kh2 {[%clk 0:01:25]} Rh3+ {[%clk 0:03:31]} 107. Kg2
{[%clk 0:01:34]} 1/2-1/2

[Event "British Rapidplay 2017"]
[Site "Leeds"]
[Date "2017.11.19"]
[Round "7.1"]
[White "Jones, Steven A"]
[Black "Klingher, Dominic"]
[Result "1-0"]
[BlackElo "2143"]
[WhiteElo "2088"]
[LiveChessVersion "1.4.8"]

1. e4 {[%clk 0:20:18]} e6 {[%clk 0:20:02]} 2. d4 {[%clk 0:20:10]} d5
{[%clk 0:20:09]} 3. exd5 {[%clk 0:19:48]} exd5 {[%clk 0:20:12]} 4. Nf3
{[%clk 0:19:54]} Bd6 {[%clk 0:20:17]} 5. Bd3 {[%clk 0:19:52]} Ne7
{[%clk 0:20:17]} 6. h3 {[%clk 0:19:58]} Nbc6 {[%clk 0:20:20]} 7. O-O
{[%clk 0:19:54]} Bf5 {[%clk 0:20:11]} 8. Nc3 {[%clk 0:19:32]} Qd7
{[%clk 0:19:35]} 9. Re1 {[%clk 0:17:52]} O-O-O {[%clk 0:19:33]} 10. Bb5
{[%clk 0:18:00]} f6 {[%clk 0:19:30]} 11. Nh4 {[%clk 0:16:59]} Bxh3
{[%clk 0:13:47]} 12. gxh3 {[%clk 0:14:37]} Qxh3 {[%clk 0:13:55]} 13. Nf3
{[%clk 0:14:37]} Nxd4 {[%clk 0:13:30]} 14. Qxd4 {[%clk 0:14:06]} Nf5
{[%clk 0:09:14]} 15. Qxa7 {[%clk 0:13:15]} c6 {[%clk 0:09:23]} 16. Ba6
{[%clk 0:12:03]} Rd7 {[%clk 0:07:18]} 17. Na4 {[%clk 0:09:17]} Qg4+ 18. Kf1 Ng3+
{[%clk 0:03:14]} 19. fxg3 {[%clk 0:09:35]} Qxf3+ {[%clk 0:03:21]} 20. Qf2
{[%clk 0:09:45]} Qh1+ {[%clk 0:03:10]} 21. Ke2 {[%clk 0:09:10]} Qe4+
{[%clk 0:01:08]} 22. Be3 {[%clk 0:09:05]} Qxc2+ {[%clk 0:00:58]} 23. Kf1
{[%clk 0:09:14]} Qxa4 {[%clk 0:01:03]} 24. Bd3 {[%clk 0:08:59]} g6
{[%clk 0:01:06]} 25. Bf4 {[%clk 0:08:36]} Bb4 {[%clk 0:00:51]} 26. Re6
{[%clk 0:07:40]} Qa5 {[%clk 0:00:54]} 27. Rc1 {[%clk 0:07:24]} g5
{[%clk 0:00:30]} 28. Be3 {[%clk 0:07:24]} d4 {[%clk 0:00:34]} 29. Bxd4
{[%clk 0:06:51]} Qd5 {[%clk 0:00:43]} 30. Bf5 {[%clk 0:06:00]} Qh1+
{[%clk 0:00:41]} 31. Ke2 {[%clk 0:06:09]} Qxc1 {[%clk 0:00:47]} 32. Re3
{[%clk 0:05:26]} Qd2+ {[%clk 0:00:45]} 33. Kf3 {[%clk 0:05:33]} Qxd4
{[%clk 0:00:48]} 34. Re8+ {[%clk 0:05:26]} Kc7 {[%clk 0:00:41]} 35. Qxd4
{[%clk 0:05:24]} Rxd4 {[%clk 0:00:49]} 36. Rxh8 {[%clk 0:05:33]} Rd5
{[%clk 0:00:43]} 37. Rxh7+ {[%clk 0:05:41]} Kd6 {[%clk 0:00:48]} 38. Be4
{[%clk 0:05:05]} Rb5 {[%clk 0:00:34]} 39. Bd3 {[%clk 0:04:59]} Rb6
{[%clk 0:00:37]} 40. a3 {[%clk 0:04:46]} Bd2 {[%clk 0:00:36]} 41. Rf7
{[%clk 0:04:04]} Ke6 {[%clk 0:00:30]} 42. Bc4+ {[%clk 0:04:12]} Ke5
{[%clk 0:00:39]} 43. b3 {[%clk 0:04:12]} Bc1 {[%clk 0:00:39]} 44. Re7+
{[%clk 0:04:17]} Kd4 {[%clk 0:00:44]} 45. a4 {[%clk 0:04:16]} Rb4
{[%clk 0:00:19]} 46. Rf7 {[%clk 0:04:02]} b5 {[%clk 0:00:25]} 47. axb5
{[%clk 0:04:01]} cxb5 {[%clk 0:00:34]} 48. Rb7 {[%clk 0:04:06]} Rxc4
{[%clk 0:00:35]} 49. bxc4 {[%clk 0:04:12]} bxc4 {[%clk 0:00:44]} 50. Rd7+
{[%clk 0:03:38]} Kc3 {[%clk 0:00:50]} 51. Rf7 {[%clk 0:03:42]} Kc2
{[%clk 0:00:35]} 52. Rxf6 {[%clk 0:03:44]} c3 {[%clk 0:00:45]} 53. Ke2
{[%clk 0:03:25]} Bd2 {[%clk 0:00:46]} 54. Rb6 {[%clk 0:03:27]} Kc1
{[%clk 0:00:45]} 55. Kd3 {[%clk 0:03:31]} Be1 {[%clk 0:00:46]} 56. g4
{[%clk 0:03:09]} Bd2 {[%clk 0:00:49]} 57. Rc6 {[%clk 0:03:12]} Kb2
{[%clk 0:00:52]} 58. Rc5 {[%clk 0:03:09]} Kb3 {[%clk 0:00:37]} 59. Rb5+
{[%clk 0:03:11]} Ka4 {[%clk 0:00:37]} 60. Rb7 {[%clk 0:03:13]} Ka5
{[%clk 0:00:42]} 61. Rb3 {[%clk 0:03:13]} Ka4 {[%clk 0:00:37]} 62. Rxc3
{[%clk 0:03:19]} Bxc3 {[%clk 0:00:17]} 63. Kxc3 {[%clk 0:03:28]} Kb5
{[%clk 0:00:26]} 64. Kd4 {[%clk 0:03:38]} Kc6 {[%clk 0:00:36]} 65. Ke5
{[%clk 0:03:48]} Kd7 {[%clk 0:00:45]} 66. Kf6 {[%clk 0:03:53]} Ke8
{[%clk 0:00:49]} 67. Kxg5 {[%clk 0:04:02]} Kf8 {[%clk 0:00:56]} 68. Kg6
{[%clk 0:04:10]} Kg8 {[%clk 0:01:04]} 69. g5 {[%clk 0:04:19]} Kh8
{[%clk 0:01:10]} 70. Kf7 {[%clk 0:04:28]} Kh7 {[%clk 0:01:19]} 71. g6+
{[%clk 0:04:38]} Kh6 {[%clk 0:01:27]} 72. g7 {[%clk 0:04:47]} Kh5
{[%clk 0:01:36]} 73. g8=Q {[%clk 0:04:54]} 1-0

[Event "British Rapidplay 2017"]
[Site "Leeds"]
[Date "2017.11.19"]
[Round "7.2"]
[White "Sarakauskas, Gediminas"]
[Black "Alsina Leal, Daniel"]
[Result "0-1"]
[BlackElo "2508"]
[WhiteElo "2311"]
[LiveChessVersion "1.4.8"]

1. e4 {[%clk 0:20:19]} c5 {[%clk 0:19:33]} 2. Nf3 {[%clk 0:20:27]} d6
{[%clk 0:19:37]} 3. Bb5+ {[%clk 0:20:25]} Nd7 {[%clk 0:19:46]} 4. d4
{[%clk 0:20:26]} cxd4 {[%clk 0:19:51]} 5. Qxd4 {[%clk 0:20:33]} a6
{[%clk 0:19:56]} 6. Bxd7+ {[%clk 0:20:35]} Bxd7 {[%clk 0:20:05]} 7. Bg5
{[%clk 0:19:05]} Rc8 {[%clk 0:19:21]} 8. Nc3 {[%clk 0:19:10]} h6 {[%clk 0:18:33]}
9. Bh4 {[%clk 0:18:18]} e5 {[%clk 0:18:30]} 10. Qd2 {[%clk 0:16:40]} g5
{[%clk 0:18:21]} 11. Bg3 {[%clk 0:16:47]} Nf6 {[%clk 0:18:19]} 12. O-O-O
{[%clk 0:15:47]} Be7 {[%clk 0:18:00]} 13. Kb1 {[%clk 0:14:19]} b5
{[%clk 0:18:05]} 14. Qe3 {[%clk 0:12:34]} Qc7 {[%clk 0:17:02]} 15. Ne1
{[%clk 0:11:59]} Qc4 {[%clk 0:15:38]} 16. f3 {[%clk 0:10:30]} Be6
{[%clk 0:15:33]} 17. Qe2 {[%clk 0:09:26]} b4 {[%clk 0:12:29]} 18. Qxc4
{[%clk 0:09:34]} Bxc4 {[%clk 0:12:38]} 19. Na4 {[%clk 0:09:06]} Bb5
{[%clk 0:09:37]} 20. Nb6 {[%clk 0:09:14]} Rb8 {[%clk 0:08:41]} 21. Nd5
{[%clk 0:09:22]} Nxd5 {[%clk 0:08:49]} 22. Rxd5 {[%clk 0:09:30]} Bc4
{[%clk 0:08:45]} 23. Rd2 {[%clk 0:09:29]} Be6 {[%clk 0:08:50]} 24. Nd3
{[%clk 0:09:23]} Rb5 {[%clk 0:08:38]} 25. Nf2 {[%clk 0:08:21]} f6
{[%clk 0:08:13]} 26. h4 Rg8 {[%clk 0:07:37]} 27. h5 {[%clk 0:06:40]} d5
{[%clk 0:06:17]} 28. exd5 {[%clk 0:06:39]} Rxd5 {[%clk 0:06:26]} 29. Rxd5
{[%clk 0:06:48]} Bxd5 {[%clk 0:06:35]} 30. Ng4 {[%clk 0:06:48]} Rh8
{[%clk 0:06:44]} 31. Bh2 {[%clk 0:04:45]} Be6 {[%clk 0:06:03]} 32. Ne3
{[%clk 0:04:50]} Bc5 {[%clk 0:04:58]} 33. Re1 {[%clk 0:03:18]} Kf7
{[%clk 0:05:04]} 34. Bg1 {[%clk 0:03:06]} Rd8 {[%clk 0:04:40]} 35. Kc1
{[%clk 0:03:01]} f5 {[%clk 0:03:39]} 36. Bf2 {[%clk 0:01:23]} Bd4
{[%clk 0:03:00]} 37. Nd1 {[%clk 0:01:30]} Kf6 {[%clk 0:02:43]} 38. Bg3
{[%clk 0:01:04]} f4 {[%clk 0:00:55]} 39. Bf2 {[%clk 0:01:13]} g4 {[%clk 0:01:03]}
40. Bxd4 {[%clk 0:01:21]} Rxd4 {[%clk 0:01:06]} 41. Nf2 {[%clk 0:01:30]} gxf3
{[%clk 0:01:13]} 42. gxf3 {[%clk 0:01:38]} Bf5 {[%clk 0:01:22]} 43. Rg1
{[%clk 0:01:29]} Rc4 {[%clk 0:01:30]} 44. Ng4+ {[%clk 0:01:29]} Ke6
{[%clk 0:01:23]} 45. Rg2 {[%clk 0:01:37]} Bxg4 {[%clk 0:01:13]} 46. Rxg4
{[%clk 0:01:45]} Kf5 {[%clk 0:01:22]} 47. Rg6 {[%clk 0:00:29]} e4
{[%clk 0:01:31]} 48. fxe4+ {[%clk 0:00:38]} Rxe4 {[%clk 0:01:12]} 49. Rxh6
{[%clk 0:00:46]} Kg5 {[%clk 0:00:38]} 50. Rh8 {[%clk 0:00:39]} f3
{[%clk 0:00:18]} 51. Rf8 {[%clk 0:00:22]} Kg4 {[%clk 0:00:15]} 52. h6
{[%clk 0:00:25]} Re1+ {[%clk 0:00:23]} 53. Kd2 {[%clk 0:00:34]} Rh1
{[%clk 0:00:31]} 54. Rg8+ {[%clk 0:00:36]} Kf4 {[%clk 0:00:39]} 55. Rf8+
{[%clk 0:00:42]} Kg3 {[%clk 0:00:47]} 56. Rg8+ {[%clk 0:00:32]} Kf2
{[%clk 0:00:55]} 57. Rg6 {[%clk 0:00:41]} a5 {[%clk 0:00:54]} 58. c4
{[%clk 0:00:45]} bxc3+ {[%clk 0:00:56]} 59. bxc3 {[%clk 0:00:54]} Kf1
{[%clk 0:01:02]} 60. c4 {[%clk 0:00:45]} f2 {[%clk 0:01:07]} 61. c5
{[%clk 0:00:51]} Rh5 {[%clk 0:01:06]} 62. c6 {[%clk 0:00:58]} Rd5+
{[%clk 0:01:14]} 63. Ke3 {[%clk 0:00:54]} Ke1 {[%clk 0:00:59]} 64. Rf6
{[%clk 0:00:46]} f1=Q {[%clk 0:00:28]} 65. Rxf1+ {[%clk 0:00:55]} Kxf1
{[%clk 0:00:37]} 66. c7 {[%clk 0:01:00]} Re5+ {[%clk 0:00:46]} 67. Kd4
{[%clk 0:01:04]} Re8 {[%clk 0:00:55]} 68. Kd5 {[%clk 0:01:09]} Rh8
{[%clk 0:00:59]} 69. h7 {[%clk 0:01:04]} Ke2 {[%clk 0:01:07]} 70. a4
{[%clk 0:00:52]} Kd3 {[%clk 0:01:05]} 71. Kc5 {[%clk 0:01:01]} Ke4
{[%clk 0:01:08]} 72. Kd6 {[%clk 0:00:19]} Kd4 {[%clk 0:01:05]} 73. Ke6
{[%clk 0:00:16]} Kc5 {[%clk 0:01:08]} 74. Kf6 {[%clk 0:00:24]} Rc8
{[%clk 0:01:05]} 75. Ke6 0-1